000 01056cam a2200229 4500
001 ABS66188
008 021202n2002 000 0 eng u
035 _a(Sirsi) u120622
100 _aJansen, M
245 _aKilling off the appeal culture
260 _c2002
490 _aProperty Week
_v67 (42) 25 October 2002, 39-40(2)
520 _aExamines the system of levying business rates in the context of new rating assessments for 1.7 million commercial premises in England and Wales which is coming into force in 2005 based on rental values as at April 2003. There is a consequent backlog of hundreds of thousands of appeals clogging up the system and the Valuation Office Agency wish for the process to become more efficient and lead to a reduction in the number of appeals lodged.
590 _aABS
650 _aBUSINESS RATES
650 _aVALUATION OFFICE AGENCY
650 _aRATING SURVEYORS
650 _aBUSINESS RATE APPEALS
650 _aLOCAL GOVERNMENT BILL
690 _aPROPERTY-PROPERTY APPRAISAL AND VALUATION
942 _n0
999 _c71677
_d71677